000 01343nam a2200241Ia 4500
999 _c40865
_d40865
001 7509
003 GE_BSU
005 20200109164526.0
008 181216s2013||||ge |||||||||||||| ||geo||
020 _a9789941220623
040 _cGE_BSU
041 _ageo
080 _a323.173 ლ-16
100 _aლაზბა, ნატალია
_96054
245 _aკონფლიქტოლოგიის საფუძვლები :
_b[სახელმძღვ. უმაღლ. სასწ. სტუდენტთათვის] /
_cნატალია ლაზბა ; რედ. მარინა იტრიაშვილი.
264 _aთბილისი :
_bუნივერსალი,
_c2013.
300 _a204 გვ.;
_b20 სმ.
504 _aბიბლიოგრ.: გვ. 196-204.
653 _aკონფლიქტოლოგია
700 _aიტრიაშვილი, მარინა
_eრედაქტორი
_96055
710 _aბათუმის შოთა რუსთაველის სახელმწ. უნ-ტი
_bსოციალურ მეცნ., ბიზნესისა და სამართალმცოდნ. ფაკ-ტი, სოციალურ მეცნ. დეპარტამენტი
_96051
942 _cBK
_2udc